Classement 100m aux Jeux Olympiques 2008 - Statistiques

Statistiques générales
  • Ce quiz a été pris 51 fois
  • Le résultat moyen est 3 sur 8
Statistiques - réponses
Position Temps Nationalité Coureur % Correct
Or 9.69 Jamaïque Usain Bolt
98%
5e 9.95 Jamaïque Asafa Powell
76%
4e 9.93 Antilles néerlandaises Churandy Martina
31%
Argent 9.89 Trinité-et-Tobago Richard Thompson
31%
6e 9.97 Jamaïque Michael Frater
13%
Bronze 9.91 Etats-Unis Walter Dix
11%
8e 10.03 Etats-Unis Darvis Patton
4%
7e 10.01 Trinité-et-Tobago Marc Burns
4%
Aucun quiz correspondant
Distribution des résultats
% des personnes avec chaque résultat
Percentile par nombre de réponses
Votre historique - résultats
Vous n’avez pas pris ce quiz